[Event "2. Bundesliga West 2014/15"]
[Site "Diverse"]
[Date "2015.01.25"]
[Round "8"]
[Board "3"]
[White "Huch, Reiner"]
[Black "Heinzel, Olaf"]
[Result "0-1"]
[WhiteElo "2277"]
[BlackElo "2374"]
[PlyCount "98"]
[EventDate "2014.10.10"]
[EventType "team"]
[EventRounds "11"]
[EventCountry "AUT"]
[WhiteTeam "SIR Bernhard 2"]
[BlackTeam "Rochade Rum"]

1.Nf3 d5 2.d4 c6 3.c4 e6 4.Qc2 f5 5.Bf4 Nf6 6.e3 Be7 7.Be2 O-O 8.O-O Nbd7 9.Nbd2 Ne4
10.Nxe4 fxe4 11.Nd2 Bg5 12.Bd6 Rf7 13.Qc3 Nf8 14.Bg3 Qf6 15.b4 Qh6 16.a4 Ng6 17.Ra3
Nh4 18.Bg4 Qg6 19.Bh3 h5 20.Bxh4 Bxh4 21.b5 Bd7 22.Nb3 Raf8 23.Ra2 Rf3 24.g3 Bg5 25.bxc6
bxc6 26.Nd2 R3f7 27.Nb3 h4 28.Nc5 Bc8 29.Rb1 hxg3 30.hxg3 Rf3 31.Bg2 Qh5 32.Rb8 R3f6
33.Qe1 Rh6 34.Kf1 Qh2 35.Qe2 Rhf6 36.Qg4 Qh6 37.Kg1 Bxe3 38.Rxc8 Rxc8 39.fxe3 Qxe3+
40.Kh2 Re8 41.cxd5 cxd5 42.Qd1 Rg6 43.Qb3 Qxd4 44.Nd7 Rd8 45.Qb7 Qc3 46.Qxa7 Qxg3+
47.Kg1 Qe1+ 48.Kh2 Qh4+ 49.Kg1 Qe7 0-1

[Event "2. Bundesliga West 2014/15"]
[Site "Diverse"]
[Date "2015.01.25"]
[Round "8"]
[Board "4"]
[White "Hengl, Christian"]
[Black "Frank, Emanuel"]
[Result "1-0"]
[WhiteElo "2245"]
[BlackElo "2178"]
[PlyCount "59"]
[EventDate "2014.10.10"]
[EventType "team"]
[EventRounds "11"]
[EventCountry "AUT"]
[WhiteTeam "Rochade Rum"]
[BlackTeam "SIR Bernhard 2"]

1.c4 e6 2.Nc3 d5 3.d4 Be7 4.Nf3 Nf6 5.Bf4 O-O 6.e3 Nbd7 7.Qc2 c5 8.cxd5 exd5 9.Bd3
c4 10.Be2 Qa5 11.O-O b5 12.a4 b4 13.Nb5 a6 14.Bc7 Nb6 15.Ne5 Bb7 16.Nd6 Bxd6 17.Bxd6
b3 18.Qf5 Qd2 19.Bf3 Bc8 20.Qf4 Qxb2 21.Bxf8 Kxf8 22.a5 Nbd7 23.Bxd5 c3 24.Bxa8 Qxa1
25.Nxd7+ Kg8 26.Nxf6+ gxf6 27.Qb8 b2 28.Be4 Qc1 29.Qxc8+ Kg7 30.Qg4+ 1-0

[Event "2. Bundesliga West 2014/15"]
[Site "Diverse"]
[Date "2015.01.25"]
[Round "8"]
[Board "5"]
[White "Wieneroiter, Gerald"]
[Black "Jedinger, Andreas"]
[Result "1-0"]
[WhiteElo "2140"]
[BlackElo "2105"]
[PlyCount "129"]
[EventDate "2014.10.10"]
[EventType "team"]
[EventRounds "11"]
[EventCountry "AUT"]
[WhiteTeam "SIR Bernhard 2"]
[BlackTeam "Rochade Rum"]

1.Nf3 c5 2.c4 Nc6 3.Nc3 g6 4.g3 Bg7 5.Bg2 e5 6.O-O d6 7.a3 a5 8.Ne1 Be6 9.d3 Nge7
10.Nc2 d5 11.cxd5 Nxd5 12.Ne3 Nf6 13.Bxc6+ bxc6 14.Ne4 O-O 15.Nxc5 Bh3 16.Re1 Rb8
17.Bd2 Nd5 18.Nc4 Qe7 19.Ne4 h6 20.Nxa5 f5 21.Nc3 Qd7 22.Qc1 Kh7 23.Na4 Ne7 24.Qc4
f4 25.Bb4 fxg3 26.hxg3 Rf4 27.Qc5 Re8 28.f3 e4 29.Qd6 Qa7+ 30.Kh2 Rf6 31.Qc5 Qd7 32.dxe4
Qe6 33.Rad1 g5 34.Rd6 Qf7 35.Rxf6 Qh5 36.Kg1 Bxf6 37.Bc3 Bxc3 38.Nxc3 Ng6 39.Qxc6
Ne5 40.Qc7+ Kh8 41.Nd5 Bd7 42.Nf6 Qh3 43.Kf2 Qh2+ 44.Ke3 Qxg3 45.Nxe8 Bxe8 46.Qe7
Bf7 47.Rd1 Qf4+ 48.Kd4 Ng6 49.Qd8+ Kh7 50.b4 g4 51.fxg4 Qe5+ 52.Kd3 Qb2 53.Qd4 Qxa3+
54.Qc3 Nf4+ 55.Kd2 Qa2+ 56.Ke3 Ng6 57.Rd7 Qe6 58.Qc7 Ne5 59.Re7 Nxg4+ 60.Kf4 Qf6+
61.Kxg4 Kg6 62.Rxf7 h5+ 63.Kh3 Qe6+ 64.Rf5 Qxe4 65.Qf7+ 1-0

[Event "2. Bundesliga West 2014/15"]
[Site "Diverse"]
[Date "2015.01.25"]
[Round "8"]
[Board "6"]
[White "Hoellrigl, Wilfried"]
[Black "Prodinger, Johannes"]
[Result "1-0"]
[WhiteElo "2153"]
[BlackElo "1911"]
[PlyCount "63"]
[EventDate "2014.10.10"]
[EventType "team"]
[EventRounds "11"]
[EventCountry "AUT"]
[WhiteTeam "Rochade Rum"]
[BlackTeam "SIR Bernhard 2"]

1.e4 c5 2.c3 d5 3.exd5 Qxd5 4.d4 e6 5.Nf3 Nf6 6.Bd3 Nc6 7.O-O Be7 8.Be3 cxd4 9.cxd4
O-O 10.Nc3 Qd6 11.a3 b6 12.Qe2 Bb7 13.Rad1 Rad8 14.Bb1 Rfe8 15.Rfe1 Bf8 16.Bg5 Ne7
17.Ne5 Ng6 18.h4 Nxe5 19.dxe5 Qc6 20.f3 Rxd1 21.Rxd1 Nd5 22.Qd3 g6 23.Ne4 Qc7 24.Nf6+
Nxf6 25.Bxf6 Bd5 26.Qd2 Bg7 27.Rc1 Qb8 28.Bxg7 Kxg7 29.Qf4 Qd8 30.h5 g5 31.h6+ Kh8
32.Qxf7 1-0

[Event "2. Bundesliga West 2014/15"]
[Site "Diverse"]
[Date "2015.01.25"]
[Round "8"]
[Board "1"]
[White "Hertneck, Gerald"]
[Black "Bayer, Bernhard"]
[Result "1/2-1/2"]
[WhiteElo "2465"]
[BlackElo "2441"]
[PlyCount "59"]
[EventDate "2014.10.10"]
[EventType "team"]
[EventRounds "11"]
[EventCountry "AUT"]
[WhiteTeam "Sparkasse Neumarkt"]
[BlackTeam "Schwaz"]

1.d4 Nf6 2.c4 e6 3.g3 Bb4+ 4.Bd2 Qe7 5.Bg2 Nc6 6.e3 Bxd2+ 7.Nxd2 e5 8.d5 Nb4 9.a3
Nd3+ 10.Ke2 Nc5 11.b4 Na6 12.Qc2 c5 13.b5 Nb8 14.Ngf3 d6 15.Nh4 g6 16.Rhe1 Ng4 17.h3
Nh6 18.e4 O-O 19.Kf1 Nd7 20.Nhf3 f5 21.exf5 gxf5 22.Kg1 Qg7 23.a4 e4 24.Nh2 Ne5 25.Ra3
Bd7 26.Re2 Rae8 27.Rae3 Nd3 28.Nhf1 Nf7 29.f4 exf3 30.Nxf3 1/2-1/2

[Event "2. Bundesliga West 2014/15"]
[Site "Diverse"]
[Date "2015.01.25"]
[Round "8"]
[Board "2"]
[White "Panteleev, Petar"]
[Black "Sulava, Nenad"]
[Result "1/2-1/2"]
[WhiteElo "2239"]
[BlackElo "2441"]
[PlyCount "68"]
[EventDate "2014.10.10"]
[EventType "team"]
[EventRounds "11"]
[EventCountry "AUT"]
[WhiteTeam "Schwaz"]
[BlackTeam "Sparkasse Neumarkt"]

1.Nf3 d5 2.d4 Nf6 3.c4 dxc4 4.e3 e6 5.Bxc4 a6 6.O-O Nbd7 7.a4 c5 8.a5 Bd6 9.Nc3 O-O
10.h3 cxd4 11.exd4 b5 12.axb6 Qxb6 13.Qe2 Bb7 14.Be3 Nd5 15.Nxd5 Bxd5 16.Bxd5 exd5
17.Ne5 Bxe5 18.dxe5 d4 19.Rfd1 dxe3 20.Rxd7 exf2+ 21.Qxf2 Qxf2+ 22.Kxf2 Rfb8 23.Ra2
Kf8 24.Rd6 a5 25.Rd5 a4 26.Rd4 Ke7 27.Rdxa4 Rxb2+ 28.Rxb2 Rxa4 29.Rb8 h5 30.Rb7+ Ke6
31.Rb6+ Kd5 32.e6 Ra2+ 33.Kf3 fxe6 34.Rb5+ Kd6 1/2-1/2

[Event "2. Bundesliga West 2014/15"]
[Site "Diverse"]
[Date "2015.01.25"]
[Round "8"]
[Board "3"]
[White "Gara, Anita"]
[Black "Fuchs, Georg"]
[Result "1-0"]
[WhiteElo "2341"]
[BlackElo "2187"]
[PlyCount "67"]
[EventDate "2014.10.10"]
[EventType "team"]
[EventRounds "11"]
[EventCountry "AUT"]
[WhiteTeam "Sparkasse Neumarkt"]
[BlackTeam "Schwaz"]

1.e4 e5 2.Nf3 Nf6 3.d4 Nxe4 4.Bd3 d5 5.dxe5 Be7 6.O-O O-O 7.h3 Nc6 8.Nc3 f5 9.exf6
Nxf6 10.a3 a6 11.Re1 Bc5 12.Bg5 Ne7 13.Qe2 c6 14.b4 Bd6 15.Nd4 a5 16.Ne6 Bxe6 17.Qxe6+
Kh8 18.b5 c5 19.Rad1 d4 20.Ne4 Nc8 21.Nxf6 gxf6 22.Qf5 Rf7 23.Bxf6+ Qxf6 24.Re8+ Bf8
25.Rxf8+ Kg7 26.Rxf7+ Kxf7 27.Qxh7+ Qg7 28.Bc4+ Kf6 29.Qe4 Qe7 30.Qf4+ Kg7 31.Rd3
Nd6 32.Rg3+ Kh7 33.Bd3+ Kh8 34.Qh6+ 1-0

[Event "2. Bundesliga West 2014/15"]
[Site "Diverse"]
[Date "2015.01.25"]
[Round "8"]
[Board "4"]
[White "Gruber, Michael"]
[Black "Kaspret, Guido"]
[Result "0-1"]
[WhiteElo "2196"]
[BlackElo "2308"]
[PlyCount "84"]
[EventDate "2014.10.10"]
[EventType "team"]
[EventRounds "11"]
[EventCountry "AUT"]
[WhiteTeam "Schwaz"]
[BlackTeam "Sparkasse Neumarkt"]

1.e4 c5 2.Nf3 d6 3.Bb5+ Bd7 4.Bxd7+ Qxd7 5.O-O Nc6 6.c3 Nf6 7.Qe2 Qg4 8.Re1 Ne5 9.d4
Nxf3+ 10.Qxf3 Qxf3 11.gxf3 e6 12.Be3 cxd4 13.cxd4 d5 14.Nc3 Bb4 15.Bd2 Bxc3 16.Bxc3
Rc8 17.Rac1 Kd7 18.e5 Ng8 19.Bb4 Nh6 20.Kf1 Nf5 21.Bc3 b5 22.b3 Rc6 23.Ke2 Ra6 24.Rc2
Rc8 25.Rec1 Rac6 26.Kd3 Nh4 27.f4 Nf3 28.h3 f6 29.Ke3 fxe5 30.fxe5 Ne1 31.Rxe1 Rxc3+
32.Rxc3 Rxc3+ 33.Kd2 Rxh3 34.Rg1 g6 35.Rc1 a6 36.Ke2 b4 37.Rc5 Rc3 38.Ra5 Rc6 39.Ra4
Rb6 40.Kf3 Kc6 41.Kf4 h6 42.Ke3 Kb5 0-1

[Event "2. Bundesliga West 2014/15"]
[Site "Diverse"]
[Date "2015.01.25"]
[Round "8"]
[Board "5"]
[White "Wuppinger, Manfred"]
[Black "Binder, Moriz"]
[Result "0-1"]
[WhiteElo "2073"]
[BlackElo "2146"]
[PlyCount "82"]
[EventDate "2014.10.10"]
[EventType "team"]
[EventRounds "11"]
[EventCountry "AUT"]
[WhiteTeam "Sparkasse Neumarkt"]
[BlackTeam "Schwaz"]

1.e4 e5 2.Nf3 Nc6 3.Bc4 Bc5 4.d3 Nf6 5.O-O d6 6.Be3 Bb6 7.Nc3 Bg4 8.h3 Bh5 9.Nd5 Nxd5
10.Bxd5 O-O 11.g4 Bg6 12.Kg2 Ne7 13.Bb3 Bxe3 14.fxe3 d5 15.Nxe5 dxe4 16.Nxg6 Nxg6
17.dxe4 Qe7 18.Qd5 Rad8 19.Qxb7 Rd2+ 20.Rf2 Nh4+ 21.Kf1 Rxf2+ 22.Kxf2 Qf6+ 23.Ke2
Qf3+ 24.Kd3 Rd8+ 25.Bd5 Ng2 26.Qxa7 Nf4+ 27.Kc3 Nxd5+ 28.exd5 Qxd5 29.a3 c5 30.Qc7
g6 31.Rf1 Re8 32.Qf4 Re4 33.Qb8+ Kg7 34.b3 Rxe3+ 35.Kb2 c4 36.Qf4 Re4 37.Qf6+ Kg8
38.b4 Re3 39.h4 c3+ 40.Kb1 Rd3 41.cxd3 Qb3+ 0-1

[Event "2. Bundesliga West 2014/15"]
[Site "Diverse"]
[Date "2015.01.25"]
[Round "8"]
[Board "6"]
[White "Streiter, Gerhard"]
[Black "Baier, Patrick"]
[Result "1/2-1/2"]
[WhiteElo "1986"]
[BlackElo "1954"]
[PlyCount "171"]
[EventDate "2014.10.10"]
[EventType "team"]
[EventRounds "11"]
[EventCountry "AUT"]
[WhiteTeam "Schwaz"]
[BlackTeam "Sparkasse Neumarkt"]

1.e4 g6 2.d4 Bg7 3.Nc3 c6 4.Nf3 d5 5.h3 dxe4 6.Nxe4 Nd7 7.Bc4 Ngf6 8.Nxf6+ Nxf6 9.O-O
O-O 10.Re1 b5 11.Bb3 a5 12.a4 e6 13.Ne5 Qb6 14.c3 h6 15.Qf3 Nd5 16.axb5 a4 17.Rxa4
Rxa4 18.Bxa4 cxb5 19.Bb3 Ne7 20.Bc2 b4 21.h4 bxc3 22.bxc3 Bb7 23.Qg3 Rc8 24.h5 g5
25.Bd2 Bd5 26.Rb1 Qc7 27.f4 f6 28.Ng6 Nxg6 29.Bxg6 Bf8 30.Qf2 Bd6 31.fxg5 fxg5 32.Qe2
Rf8 33.Rf1 Bf4 34.Bxf4 Rxf4 35.Rxf4 Qxf4 36.Qe5 Qxe5 37.dxe5 Kf8 38.Kf2 Ke7 39.g3
Kd7 40.Ke3 Kc6 41.Kd4 Bf3 42.c4 Be2 43.Be8+ Kb6 44.Bf7 Bg4 45.Bg6 Kc6 46.Be8+ Kb6
47.Bd7 Kc7 48.Be8 Kb6 49.c5+ Kc7 50.Kc4 Be2+ 51.Kb4 Bf3 52.Kc4 Bd5+ 53.Kd4 Bb3 54.Bb5
Bd1 55.Be8 Bb3 56.Bf7 Bd5 57.Bg8 Kc6 58.Bh7 Bb3 59.Be4+ Kc7 60.Bf3 Bc2 61.Kc3 Ba4
62.Bg4 Bd7 63.Kb4 Kc6 64.Bf3+ Kc7 65.Kc4 Be8 66.Kb4 Bd7 67.Bg4 Kc6 68.Kc4 Kc7 69.Bf3
Be8 70.Kb4 Bd7 71.Be4 Be8 72.Bf3 Bd7 73.Kc4 Be8 74.Bg4 Bd7 75.Kb4 Kc6 76.Kc4 Kc7 77.Bf3
Be8 78.g4 Ba4 79.Kb4 Bd7 80.Be4 Be8 81.Kc4 Ba4 82.Bf3 Bd7 83.Kb4 Be8 84.Be4 Bd7 85.Kc4
Be8 86.Kb4 1/2-1/2

[Event "2. Bundesliga West 2014/15"]
[Site "Diverse"]
[Date "2015.01.25"]
[Round "8"]
[Board "1"]
[White "Krassowizkij, Jaroslaw"]
[Black "Zelcic, Robert"]
[Result "0-1"]
[WhiteElo "2408"]
[BlackElo "2553"]
[PlyCount "98"]
[EventDate "2014.10.10"]
[EventType "team"]
[EventRounds "11"]
[EventCountry "AUT"]
[WhiteTeam "Goetzis"]
[BlackTeam "Schwarzach"]

1.e4 c6 2.d4 d5 3.Nd2 dxe4 4.Nxe4 Bf5 5.Ng3 Bg6 6.h4 h6 7.Nh3 Nf6 8.Nf4 Bh7 9.c3 Nbd7
10.Ngh5 e6 11.Bd3 Nxh5 12.Qxh5 Bxd3 13.Nxd3 Nf6 14.Qe2 Qd5 15.f3 Bd6 16.Be3 O-O-O
17.Bf2 Nh5 18.Qe4 Qa5 19.Ne5 f5 20.Nc4 fxe4 21.Nxa5 exf3 22.gxf3 Rhf8 23.Nc4 Rxf3
24.Nxd6+ Rxd6 25.Ke2 Rf5 26.Rag1 e5 27.Bg3 Nxg3+ 28.Rxg3 exd4 29.cxd4 g6 30.Rg4 Re6+
31.Kd3 Rf3+ 32.Kc4 h5 33.Rg2 Kc7 34.a4 Rf4 35.Kc3 Re3+ 36.Kc2 Rxd4 37.Rxg6 Rxa4 38.Rg5
Rc4+ 39.Kd2 Rb3 40.Rxh5 Rxb2+ 41.Kd3 b5 42.Rh8 Rb3+ 43.Kd2 Rg4 44.h5 Rg2+ 45.Kc1 Rbb2
46.h6 Rgc2+ 47.Kd1 Rb1+ 48.Kxc2 Rxh1 49.h7 Kb7 0-1

[Event "2. Bundesliga West 2014/15"]
[Site "Diverse"]
[Date "2015.01.25"]
[Round "8"]
[Board "2"]
[White "Krstic, Uros"]
[Black "Eisenbeiser, Amadeus"]
[Result "1/2-1/2"]
[WhiteElo "2428"]
[BlackElo "2365"]
[PlyCount "158"]
[EventDate "2014.10.10"]
[EventType "team"]
[EventRounds "11"]
[EventCountry "AUT"]
[WhiteTeam "Schwarzach"]
[BlackTeam "Goetzis"]

1.e4 c5 2.Nf3 e6 3.d4 cxd4 4.Nxd4 a6 5.Be2 Nf6 6.Nc3 Qc7 7.O-O Be7 8.f4 d6 9.Kh1 O-O
10.Qe1 Nc6 11.Be3 Bd7 12.Qg3 Kh8 13.Rae1 Rac8 14.a3 e5 15.Nb3 exf4 16.Rxf4 Ne5 17.Bd4
Bc6 18.Nd2 Ng6 19.Rff1 Nd7 20.Qh3 Nde5 21.Bd1 Bg5 22.Nf3 Nxf3 23.Rxf3 Rce8 24.Qh5
Qe7 25.Rh3 h6 26.Qf3 f5 27.Qf1 fxe4 28.Qg1 Nf4 29.Rhe3 d5 30.Bg4 Bf6 31.Ne2 Nxe2 32.R3xe2
Bb5 33.Rd2 Bh4 34.g3 Bg5 35.Be3 Qe5 36.Bd4 Qc7 37.Rf2 Qc6 38.Bh5 Rd8 39.c3 Bc4 40.Bd1
Qg6 41.Bc5 Rf7 42.h4 Bf6 43.h5 Qg5 44.Be3 Qe5 45.Bg4 Qe7 46.Rd1 Rdf8 47.Rdd2 Bg5 48.Rxf7
Rxf7 49.Rf2 Bf6 50.Kg2 Qd6 51.Qd1 Rf8 52.Qd2 Qe7 53.Bxh6 d4 54.cxd4 gxh6 55.Qxh6+
Kg8 56.Qg6+ Qg7 57.Qxe4 Kh8 58.Rf3 Qf7 59.Rf5 Be6 60.Rc5 Bxg4 61.Qxg4 Bg7 62.Rc8 Qf1+
63.Kh2 Qf2+ 64.Kh3 Qf1+ 65.Kh2 Qf2+ 66.Kh3 Qf7 67.Rxf8+ Qxf8 68.Qe4 Qf1+ 69.Kg4 Qc4
70.Kg5 Qxd4 71.Qe8+ Kh7 72.Qg6+ Kg8 73.h6 Qe3+ 74.Kh5 Qe5+ 75.Kg4 Qe2+ 76.Kh3 Qf1+
77.Kh2 Qf2+ 78.Kh3 Qf1+ 79.Kh2 Qf2+ 1/2-1/2

[Event "2. Bundesliga West 2014/15"]
[Site "Diverse"]
[Date "2015.01.25"]
[Round "8"]
[Board "3"]
[White "Anistratov, Dmitrij"]
[Black "Brumen, Dinko"]
[Result "0-1"]
[WhiteElo "2305"]
[BlackElo "2359"]
[PlyCount "92"]
[EventDate "2014.10.10"]
[EventType "team"]
[EventRounds "11"]
[EventCountry "AUT"]
[WhiteTeam "Goetzis"]
[BlackTeam "Schwarzach"]

1.c4 e6 2.g3 Nf6 3.Bg2 d5 4.Nf3 Be7 5.O-O O-O 6.d4 dxc4 7.Qc2 a6 8.a4 Bd7 9.Qxc4 Bc6
10.Bf4 Nbd7 11.Nc3 Nb6 12.Qd3 Bb4 13.a5 Nbd5 14.Bg5 h6 15.Nxd5 Bxd5 16.Bxf6 Qxf6 17.Ne5
Bxg2 18.Kxg2 Rfd8 19.Qc4 Bd6 20.Nd3 e5 21.dxe5 Bxe5 22.f4 Bd6 23.e4 Bf8 24.e5 Qf5
25.Rad1 b6 26.Nf2 bxa5 27.g4 Qe6 28.Qxc7 Rdc8 29.Qxa5 Rc2 30.f5 Qc6+ 31.Qd5 Qxd5+
32.Rxd5 Rxb2 33.Kf3 a5 34.Nd3 Rxh2 35.e6 fxe6 36.fxe6 a4 37.Rd7 a3 38.e7 Bxe7 39.Kg3
Rd2 40.Rxe7 Rxd3+ 41.Kh4 a2 42.Ra1 Ra6 43.g5 Ra4+ 44.Kh5 Ra5 45.Rg1 Rxg5+ 46.Rxg5
hxg5 0-1

[Event "2. Bundesliga West 2014/15"]
[Site "Diverse"]
[Date "2015.01.25"]
[Round "8"]
[Board "4"]
[White "Roeberg, Frank"]
[Black "Mittelberger, Peter"]
[Result "1/2-1/2"]
[WhiteElo "2249"]
[BlackElo "2203"]
[PlyCount "61"]
[EventDate "2014.10.10"]
[EventType "team"]
[EventRounds "11"]
[EventCountry "AUT"]
[WhiteTeam "Schwarzach"]
[BlackTeam "Goetzis"]

1.e4 g6 2.d4 Bg7 3.Nc3 d6 4.f4 a6 5.Nf3 b5 6.Bd3 Nd7 7.e5 e6 8.Ne4 Nb6 9.O-O Bb7 10.c3
Rc8 11.Be3 Ne7 12.Bf2 Nbd5 13.Qd2 Qd7 14.g4 f5 15.exf6 Nxf6 16.Nxf6+ Bxf6 17.Qe2 O-O
18.Rae1 Rce8 19.Bg3 Nd5 20.Be4 Bc6 21.Qg2 Ba8 22.Nd2 Nb6 23.Bxa8 Rxa8 24.Re2 Rae8
25.h3 b4 26.Qf3 bxc3 27.bxc3 e5 28.dxe5 Bxe5 29.Qd3 Bg7 30.Rfe1 Rxe2 31.Rxe2 1/2-1/2

[Event "2. Bundesliga West 2014/15"]
[Site "Diverse"]
[Date "2015.01.25"]
[Round "8"]
[Board "5"]
[White "Scheffknecht, Philipp"]
[Black "Ljubic, Juro"]
[Result "1/2-1/2"]
[WhiteElo "2152"]
[BlackElo "2213"]
[PlyCount "80"]
[EventDate "2014.10.10"]
[EventType "team"]
[EventRounds "11"]
[EventCountry "AUT"]
[WhiteTeam "Goetzis"]
[BlackTeam "Schwarzach"]

1.Nf3 Nf6 2.g3 d5 3.Bg2 e6 4.O-O Be7 5.b3 O-O 6.Bb2 c5 7.c4 Nc6 8.cxd5 Nxd5 9.d4 Bf6
10.e4 Ndb4 11.e5 Be7 12.a3 Na6 13.dxc5 Nxc5 14.Nbd2 a5 15.Qc2 Qc7 16.Ne4 b6 17.Nfg5
Nxe4 18.Nxe4 Bb7 19.Rac1 Rfd8 20.Nd6 Bxd6 21.exd6 Qxd6 22.Bxc6 Rac8 23.Rfd1 Qe7 24.Rxd8+
Qxd8 25.Qe4 Rxc6 26.Rxc6 Qd1+ 27.Kg2 Qd7 28.f3 Bxc6 29.Qd4 Qxd4 30.Bxd4 b5 31.Bb6
a4 32.bxa4 bxa4 33.Kf2 g5 34.Ke3 Kg7 35.Bd8 Kg6 36.h4 gxh4 37.Bxh4 h5 38.Be7 f6 39.Bd6
Kf5 40.Be7 e5 1/2-1/2

[Event "2. Bundesliga West 2014/15"]
[Site "Diverse"]
[Date "2015.01.25"]
[Round "8"]
[Board "6"]
[White "Stoeckl, Norbert"]
[Black "Natter, Markus"]
[Result "1-0"]
[WhiteElo "2094"]
[BlackElo "2005"]
[PlyCount "55"]
[EventDate "2014.10.10"]
[EventType "team"]
[EventRounds "11"]
[EventCountry "AUT"]
[WhiteTeam "Schwarzach"]
[BlackTeam "Goetzis"]

1.e4 d5 2.exd5 Qxd5 3.Nc3 Qd6 4.d4 Nf6 5.Nf3 c6 6.Be2 Bf5 7.Ne5 Nbd7 8.Nc4 Qc7 9.a4
a5 10.O-O g6 11.Ne3 Bg7 12.Nxf5 gxf5 13.h3 O-O 14.Bd3 e6 15.g4 fxg4 16.hxg4 Nd5 17.Nxd5
cxd5 18.c3 Nf6 19.Kg2 Ne4 20.Qe1 Rae8 21.f3 Nd6 22.Rh1 f5 23.Bf4 Qd7 24.Qh4 h6 25.Bxh6
Rf6 26.Bf4 Qf7 27.g5 Rg6 28.Qh7+ 1-0

[Event "2. Bundesliga West 2014/15"]
[Site "Diverse"]
[Date "2015.01.25"]
[Round "8"]
[Board "1"]
[White "Graf, Felix"]
[Black "Dovzik, Juri"]
[Result "1-0"]
[WhiteElo "2478"]
[BlackElo "2303"]
[PlyCount "68"]
[EventDate "2014.10.10"]
[EventType "team"]
[EventRounds "11"]
[EventCountry "AUT"]
[WhiteTeam "Bregenz"]
[BlackTeam "Ranshofen"]

1.d4 d5 2.c4 c6 3.Nc3 Nf6 4.e3 e6 5.Nf3 Nbd7 6.Qc2 Bd6 7.g4 Nxg4 8.Rg1 f5 9.h3 Nh6
10.Rxg7 Qf6 11.Rg1 Rg8 12.Rxg8+ Nxg8 13.Bd2 Ne7 14.O-O-O b6 15.cxd5 exd5 16.Bd3 Bb7
17.Rg1 a6 18.Rg5 h6 19.Rh5 Qg6 20.Rxf5 Nxf5 21.Bxf5 Qg2 22.Bg4 O-O-O 23.Qg6 Qf1+ 24.Kc2
h5 25.Qxh5 Kb8 26.Qf7 Bc8 27.Qg6 Kc7 28.Ng5 Nf8 29.Qg7+ Kb8 30.Nf7 Bxg4 31.Qxg4 Rd7
32.Nxd6 Rxd6 33.Qf4 Kc7 34.Qxf8 Qxh3 1-0

[Event "2. Bundesliga West 2014/15"]
[Site "Diverse"]
[Date "2015.01.25"]
[Round "8"]
[Board "2"]
[White "Ager, Josef"]
[Black "Weindl, Alfred"]
[Result "0-1"]
[WhiteElo "2109"]
[BlackElo "2331"]
[PlyCount "42"]
[EventDate "2014.10.10"]
[EventType "team"]
[EventRounds "11"]
[EventCountry "AUT"]
[WhiteTeam "Ranshofen"]
[BlackTeam "Bregenz"]

1.c4 e5 2.g3 Nc6 3.Bg2 Bc5 4.Nc3 d6 5.e3 a6 6.Nge2 Ba7 7.d4 Nf6 8.b3 O-O 9.Bb2 exd4
10.exd4 Bf5 11.O-O Qd7 12.Qd2 Rae8 13.Rfe1 Nb4 14.Ne4 Nxe4 15.Qxb4 Bb6 16.a4 a5 17.Qb5
Qxb5 18.axb5 Nd2 19.Bxb7 Nxb3 20.Bc6 Nxa1 21.Bxa1 Bd3 0-1

[Event "2. Bundesliga West 2014/15"]
[Site "Diverse"]
[Date "2015.01.25"]
[Round "8"]
[Board "3"]
[White "Herbrechtsmeier, Christof"]
[Black "Knechtel, Roland"]
[Result "1-0"]
[WhiteElo "2286"]
[BlackElo "2258"]
[PlyCount "59"]
[EventDate "2014.10.10"]
[EventType "team"]
[EventRounds "11"]
[EventCountry "AUT"]
[WhiteTeam "Bregenz"]
[BlackTeam "Ranshofen"]

1.e4 c6 2.c4 e5 3.Nf3 d6 4.d4 Qc7 5.Nc3 Nf6 6.Be2 g6 7.Be3 Nbd7 8.h3 Bg7 9.Qd2 O-O
10.O-O-O Re8 11.d5 Nc5 12.Bxc5 dxc5 13.Kb1 Rb8 14.g4 Qa5 15.Qc2 Bd7 16.Nd2 cxd5 17.g5
Nxe4 18.Ndxe4 d4 19.Nd5 Bf5 20.Ndf6+ Bxf6 21.Nxf6+ Kh8 22.Bd3 Bxd3 23.Rxd3 Re6 24.Ra3
Qb6 25.Qe4 Rd8 26.Rb3 Qa6 27.Rxb7 Kg7 28.Qh4 h5 29.gxh6+ Kf8 30.Nd7+ 1-0

[Event "2. Bundesliga West 2014/15"]
[Site "Diverse"]
[Date "2015.01.25"]
[Round "8"]
[Board "4"]
[White "Spiesberger, Gerhard"]
[Black "Bezler, Rainer"]
[Result "1/2-1/2"]
[WhiteElo "2054"]
[BlackElo "2215"]
[PlyCount "78"]
[EventDate "2014.10.10"]
[EventType "team"]
[EventRounds "11"]
[EventCountry "AUT"]
[WhiteTeam "Ranshofen"]
[BlackTeam "Bregenz"]

1.e4 d6 2.d4 Nf6 3.Nc3 g6 4.Bg5 Bg7 5.Qd2 h6 6.Bf4 c6 7.O-O-O b5 8.f3 b4 9.Na4 Qa5
10.b3 Nbd7 11.c3 bxc3 12.Qxc3 Qxc3+ 13.Nxc3 O-O 14.Bd3 c5 15.d5 Nb6 16.Nge2 Nfd7 17.Kc2
Ne5 18.Bxe5 Bxe5 19.Bb5 Bb7 20.Na4 Nxa4 21.Bxa4 Rab8 22.Nc3 f5 23.Bd7 Bxc3 24.Kxc3
fxe4 25.fxe4 Rf4 26.Rhe1 Rbf8 27.e5 Rf2 28.exd6 exd6 29.Re7 Ba6 30.Be6+ Kh8 31.Rxa7
Bf1 32.Rd2 Rxg2 33.Rf7 Rxf7 34.Bxf7 Kg7 35.Be8 Rxd2 36.Kxd2 Kf6 37.a4 Bg2 38.Ke3 Bxd5
39.b4 cxb4 1/2-1/2

[Event "2. Bundesliga West 2014/15"]
[Site "Diverse"]
[Date "2015.01.25"]
[Round "8"]
[Board "5"]
[White "Poettinger, Harald"]
[Black "Stadler, Alexander"]
[Result "1/2-1/2"]
[WhiteElo "2212"]
[BlackElo "2092"]
[PlyCount "26"]
[EventDate "2014.10.10"]
[EventType "team"]
[EventRounds "11"]
[EventCountry "AUT"]
[WhiteTeam "Bregenz"]
[BlackTeam "Ranshofen"]

1.c4 Nf6 2.g3 e6 3.Bg2 d5 4.Nf3 Be7 5.d4 O-O 6.O-O dxc4 7.Qc2 a6 8.Qxc4 b5 9.Qc2 Bb7
10.Bd2 Be4 11.Qc1 Bb7 12.Qc2 Be4 13.Qc1 Bb7 1/2-1/2

[Event "2. Bundesliga West 2014/15"]
[Site "Diverse"]
[Date "2015.01.25"]
[Round "8"]
[Board "6"]
[White "Kuecher, Wolfgang"]
[Black "Heilinger, Dietmar"]
[Result "1-0"]
[WhiteElo "2077"]
[BlackElo "2159"]
[PlyCount "101"]
[EventDate "2014.10.10"]
[EventType "team"]
[EventRounds "11"]
[EventCountry "AUT"]
[WhiteTeam "Ranshofen"]
[BlackTeam "Bregenz"]

1.d4 e6 2.Nf3 d5 3.c4 Be7 4.Nc3 Nf6 5.Bg5 Nbd7 6.e3 O-O 7.Qc2 c6 8.cxd5 Nxd5 9.Bxe7
Qxe7 10.e4 Nxc3 11.bxc3 e5 12.Bd3 f5 13.O-O f4 14.a4 a5 15.Rab1 Kh8 16.Qe2 Rf6 17.Rfd1
Rf8 18.Nd2 exd4 19.cxd4 c5 20.d5 Ne5 21.f3 Nxd3 22.Qxd3 Ra6 23.Rdc1 Rh6 24.Qc3 b6
25.Qc4 Rg6 26.Kh1 Qg5 27.Qe2 Ba6 28.Qf2 Rh6 29.Nc4 Bxc4 30.Rxc4 Qh5 31.h3 Qe8 32.Qb2
Qd7 33.Kg1 Re8 34.Rd1 Rg6 35.Kf1 Qd6 36.Re1 Re5 37.Qd2 Reg5 38.e5 Rxe5 39.Rxe5 Qxe5
40.Re4 Qa1+ 41.Re1 Qxa4 42.d6 Qd7 43.Re7 Qb5+ 44.Kg1 Qb1+ 45.Kh2 h6 46.d7 Kh7 47.d8=Q
Qf1 48.Rxg7+ Rxg7 49.Qc2+ Rg6 50.Qe7+ Kh8 51.Qxg6 1-0

[Event "2. Bundesliga West 2014/15"]
[Site "Diverse"]
[Date "2015.03.06"]
[Round "9"]
[Board "1"]
[White "Loetscher, Roland"]
[Black "Breder, Dennis"]
[Result "1/2-1/2"]
[WhiteElo "2458"]
[BlackElo "2471"]
[PlyCount "126"]
[EventDate "2014.10.10"]
[EventType "team"]
[EventRounds "11"]
[EventCountry "AUT"]
[WhiteTeam "Kufstein / Woergl"]
[BlackTeam "Hohenems II"]

1.d4 d5 2.c4 e6 3.Nf3 c6 4.Nbd2 Nf6 5.g3 Be7 6.Bg2 O-O 7.Qc2 b6 8.O-O Bb7 9.Rd1 Na6
10.b3 c5 11.Bb2 Rc8 12.Rac1 dxc4 13.Nxc4 Nb4 14.Qd2 Nxa2 15.Ra1 Nb4 16.Rxa7 Bd5 17.Nfe5
Rc7 18.Rxc7 Qxc7 19.Bxd5 Nbxd5 20.dxc5 Bxc5 21.Nd3 Be7 22.Rc1 Qb7 23.Bd4 Rc8 24.Qb2
h5 25.f3 b5 26.Nce5 Ne8 27.Ra1 Ra8 28.Kf2 Nb4 29.Nxb4 Bxb4 30.Nd3 Be7 31.Rxa8 Qxa8
32.Qc3 Qb7 33.Nc5 Qd5 34.e4 Qc6 35.Nd3 Qa8 36.Ke2 Qa2+ 37.Qb2 Qa5 38.Qa1 Qd8 39.Qa7
Bf6 40.Bxf6 Nxf6 41.Ne5 Qe8 42.Qb7 g5 43.Nc6 g4 44.Qxb5 gxf3+ 45.Kxf3 Kh7 46.Qc5 Qg8
47.h3 Qxg3+ 48.Kxg3 Nxe4+ 49.Kh4 Nxc5 50.b4 Nd7 51.Kxh5 Kg7 52.h4 Nb6 53.b5 Nd5 54.Kg4
Kh6 55.Nd8 Kg6 56.h5+ Kf6 57.Nc6 e5 58.h6 e4 59.b6 Nxb6 60.Kf4 Kg6 61.Ne5+ Kxh6 62.Nxf7+
Kg7 63.Kxe4 Kxf7 1/2-1/2